Ελληνική μουσική και Ευρώπη : διαδρομές στον δυτικοερωπαϊκό πολιτισμό
Saved in:
| Main Author: | |
|---|---|
| Format: | Book |
| Language: | Greek |
| Published: |
Αθήνα :
Παπαγρηγορίου-Νάκας,
2012.
|
| Series: | Ελληνικές μουσικολογικές εκδόσεις
14 |
| Subjects: | |
| Tags: |
Add Tag
No Tags, Be the first to tag this record!
|
MARC
| LEADER | 00000cam a2200000 i 4500 | ||
|---|---|---|---|
| 001 | 1/47482 | ||
| 008 | 140516s2012 gr | ||| |||| ||gre|| | ||
| 020 | |a 9789607554826 | ||
| 035 | |l 10117664 | ||
| 040 | |a GR-MyUA |b gre |e AACR2 | ||
| 041 | 0 | |a gre | |
| 082 | 0 | |a 980.9495 |2 (23) | |
| 100 | 1 | |a Μαλιάρας, Νίκος, |d 1959- | |
| 245 | 1 | 0 | |a Ελληνική μουσική και Ευρώπη : |b διαδρομές στον δυτικοερωπαϊκό πολιτισμό / |c Νίκος Μαλιάρας ; επιστημονικός υπεύθυνος Απόστολος Κώστιος. |
| 260 | |a Αθήνα : |b Παπαγρηγορίου-Νάκας, |c 2012. | ||
| 300 | |a 269 σ. ; |c 24 εκ. | ||
| 490 | 1 | |a (Ελληνικές μουσικές εκδόσεις |v ; 14) | |
| 504 | |a Περιλαμβάνει βιβλιογραφικές αναφορές και ευρετήριο. | ||
| 600 | 1 | 0 | |a Σκαλκώτας, Νίκος, |d 1904-1949. |
| 600 | 1 | 0 | |a Καλομοίρης, Μανώλης, |d 1883-1962. |
| 600 | 1 | 0 | |a Σαμάρας, Σπύρος, |d 1861-1917. |
| 650 | 0 | 0 | |a Music |x History and criticism. |
| 650 | 0 | 0 | |a Music, Greek and Roman |x History and criticism. |
| 830 | 0 | |a Ελληνικές μουσικολογικές εκδόσεις |v 14 | |
| 852 | |a INST |b SAMOS |c EUDOXUS |e 20140516 |h 780.4945 ΜΑΛ |p 005300036585 |q 005300036585 |t EDX |y 0 | ||
| 901 | |a BIBL3-2014-2 | ||
| 909 | |a Σ |b 184845 | ||
| 920 | |a ΕΥΔΟΞΟΣ |b ΠΑΡΑΓΓΕΛΙΑ |y Σάμος-ΤΜΑΘ |z 2014-04 | ||
| 970 | |a ΓΟΥΒΑΛΑ |b ΒΑΣΩ |z 2014/05/16 | ||